000 00462nam a2200193Ia 4500
005 20240823014051.0
008 240823s9999||||xx |||||||||||||| ||und||
020 _a81-8128-116-0
041 _aENGLISH
082 _A658.562 P4
100 _a"Ramperdad,Hubert K"
245 0 _aTotal Quality Management
250 _a1st
260 _c2004
_b"Springer,New "
500 _aTRANSFERED
650 _aTQM
_bManagement Studies
942 _cBK
999 _c169022
_d169022